Country Flags as Pie Chart #7 - Statistics

General Stats
  • This quiz has been taken 17 times
  • The average score is 13 of 20
Answer Stats
Picture Answer % Correct
Japan
93%
Luxembourg
93%
Bulgaria
80%
Djibouti
80%
Morocco
80%
Tunisia
80%
Central African Republic
73%
Niger
73%
Malta
67%
Sierra Leone
67%
Tonga
67%
Madagascar
60%
Slovakia
60%
Eritrea
53%
Eswatini
53%
Belize
47%
Cambodia
47%
Norway
40%
Costa Rica
27%
Cuba
27%
No matching quizzes found
Score Distribution
Percent of People with Each Score
Percentile by Number Answered
Your Score History
You have not taken this quiz